Substitutionsgestützte Behandlung von Menschen mit Opiodabhängigkeit

Guardado en:  
Detalles Bibliográficos
Autores principales: Erbas, Beate (Autor) ; Pogarell, Oliver (Autor) ; Wodarz, Norbert (Autor)
Tipo de documento: Print Artículo
Lenguaje:Alemán
Publicado: 2024
En: DHS Jahrbuch Sucht ...
Año: 2024, Páginas: 229-252
Verificar disponibilidad: HBZ Gateway
Palabras clave:

MARC

LEADER 00000caa a2200000 c 4500
001 1909614394
003 DE-627
005 20251222081000.0
007 tu
008 241127s2024 xx ||||| 00| ||ger c
035 |a (DE-627)1909614394 
035 |a (DE-599)KXP1909614394 
040 |a DE-627  |b ger  |c DE-627  |e rda 
041 |a ger 
084 |a 2,1  |2 ssgn 
100 1 |a Erbas, Beate  |e VerfasserIn  |4 aut 
245 1 0 |a Substitutionsgestützte Behandlung von Menschen mit Opiodabhängigkeit  |c Beate Erbas, Oliver Pogarell, Norbert Wodarz 
264 1 |c 2024 
300 |b Illustrationen 
336 |a Text  |b txt  |2 rdacontent 
337 |a ohne Hilfsmittel zu benutzen  |b n  |2 rdamedia 
338 |a Band  |b nc  |2 rdacarrier 
500 |a Literaturverzeichnis: Seite 250-252 
650 0 7 |0 (DE-588)4183925-0  |0 (DE-627)105299111  |0 (DE-576)210022116  |a Substitution  |2 gnd 
650 0 7 |0 (DE-588)4059798-2  |0 (DE-627)106142216  |0 (DE-576)209132310  |a Therapie  |2 gnd 
650 0 7 |0 (DE-588)4300400-3  |0 (DE-627)104107553  |0 (DE-576)211028487  |a Empirische Forschung  |2 gnd 
650 4 |a Opiodabhänigkeit  |7 (dpeaa)DE-21/24-fid2,1 
650 4 |a Gesetzeslage  |7 (dpeaa)DE-21/24-fid2,1 
650 4 |a Corona-Pandemie  |7 (dpeaa)DE-21/24-fid2,1 
700 1 |a Pogarell, Oliver  |e VerfasserIn  |0 (DE-588)1312162309  |0 (DE-627)1871916682  |4 aut 
700 1 |a Wodarz, Norbert  |e VerfasserIn  |0 (DE-588)1334797528  |0 (DE-627)1893798933  |4 aut 
773 0 8 |i Enthalten in  |t DHS Jahrbuch Sucht ...  |d Lengerich : Pabst, 2017  |g (2024), Seite 229-252  |h Bände  |w (DE-627)1008941522  |w (DE-600)2914571-5  |w (DE-576)496386271  |x 2569-4782  |7 nnas 
773 1 8 |g year:2024  |g pages:229-252 
951 |a AR 
ELC |b 1 
LOK |0 000 xxxxxcx a22 zn 4500 
LOK |0 001 4623001946 
LOK |0 003 DE-627 
LOK |0 004 1909614394 
LOK |0 005 20241127095228 
LOK |0 008 241127||||||||||||||||ger||||||| 
LOK |0 040   |a DE-21-110  |c DE-627  |d DE-21-110 
LOK |0 852   |a DE-21-110 
LOK |0 852 1  |m p  |9 00 
LOK |0 938   |k p 
LOK |0 939   |a 27-11-24  |b l01 
ORI |a SA-MARC-krimdoka001.raw